00525nam a2200193 a 450000100060000000300090000600800410001501500210005602000180007704000280009508200120012324500600013525000120019526000300020730000190023749000200025650000320027665000230030825172CO-ViMGA141112s2004 ck r 000 u spa d ack - 2011 - xxxx a9789588257914 aCO-ViMGAbspacCO-ViMGA04a808.06810aDe cómo le salieron las barbas a la ballena [braille] a1a. ed. aBogotá : bINCI, c2011 a24 p. ; 25 cm. aLibro al viento aTexto en imprenta y braille14aCuentos infantiles